[Event "Open Letní Praha 2018 - A"]
[Site "Praha"]
[Date "2018.08.04"]
[Round "2"]
[Board "23"]
[White "Sprenar, Petr"]
[Black "Nguyen, Thai Dai Vinh"]
[Result "1-0"]
[WhiteElo "2210"]
[BlackElo "1848"]
[PlyCount "105"]
[EventDate "2018.08.03"]
[EventRounds "9"]
[EventCountry "CZE"]

1. d4 Nf6 2. c4 e6 3. g3 Bb4+ 4. Bd2 Bxd2+ 5. Nxd2 d5 6. Bg2 b6 7. Ngf3 Bb7 8.
Ne5 O-O 9. O-O Nbd7 10. Nd3 Rc8 11. Rc1 c5 12. cxd5 Bxd5 13. dxc5 Bxg2 14. Kxg2
Nxc5 15. Nxc5 Rxc5 16. Rxc5 bxc5 17. b3 Qd5+ 18. Nf3 Rd8 19. Qxd5 Rxd5 20. Rc1
Kf8 21. Rc4 a6 22. e4 Rd8 23. Ra4 Ra8 24. Ne5 Ke7 25. Kf3 Nd7 26. Nc4 Kf6 27.
Ke2 Ra7 28. f4 Nb8 29. Ra5 Rc7 30. Ne5 Ke7 31. Ra4 f6 32. Nd3 Kd6 33. e5+ Ke7
34. Rc4 fxe5 35. fxe5 Nc6 36. Rxc5 Nd4+ 37. Ke3 Rxc5 38. Nxc5 Nc2+ 39. Kd2 Nd4
40. a3 Nc6 41. Nxa6 Nxe5 42. Kc3 Kd6 43. b4 Nd7 44. Nc5 Nxc5 45. bxc5+ Kxc5 46.
Kd3 Kd5 47. a4 Kc5 48. Ke4 Kb4 49. Ke5 Kxa4 50. Kxe6 Kb4 51. Kf7 g5 52. Kf6 g4
53. Kg5  1-0

[Event "Open Letní Praha 2018 - A"]
[Site "Praha"]
[Date "2018.08.04"]
[Round "2"]
[Board "24"]
[White "Gasanov, Eldar"]
[Black "Chmelik, Ladislav"]
[Result "1-0"]
[WhiteElo "2481"]
[BlackElo "1796"]
[PlyCount "49"]
[EventDate "2018.08.03"]
[EventRounds "9"]
[EventCountry "CZE"]

1. Nf3 d5 2. d3 c5 3. Nbd2 Nf6 4. e4 dxe4 5. dxe4 Nc6 6. c3 Bg4 7. h3 Bh5 8.
Bb5 Qc7 9. Qa4 Rc8 10. Qxa7 e6 11. Qa4 Be7 12. O-O Bxf3 13. Nxf3 O-O 14. Be3
Ra8 15. Qc2 Rfd8 16. a4 Ne5 17. Nd2 Neg4 18. hxg4 Nxg4 19. Nf3 Nxe3 20. fxe3
Qg3 21. Qf2 Qg4 22. Ne5 Qxe4 23. Qxf7+ Kh8 24. Qxe6 Qxe3+ 25. Rf2  1-0

[Event "Open Letní Praha 2018 - A"]
[Site "Praha"]
[Date "2018.08.04"]
[Round "2"]
[Board "25"]
[White "Solger, Bernhard"]
[Black "Jurcik, Marian"]
[Result "0-1"]
[WhiteElo "1877"]
[BlackElo "2455"]
[PlyCount "48"]
[EventDate "2018.08.03"]
[EventRounds "9"]
[EventCountry "CZE"]

1. d4 Nf6 2. c4 g6 3. g3 c5 4. Nf3 Bg7 5. Bg2 O-O 6. O-O cxd4 7. Nxd4 Nc6 8.
Nc3 Ng4 9. e3 d6 10. Nxc6 bxc6 11. Bxc6 Rb8 12. Bg2 Ne5 13. Qa4 Qd7 14. Qxd7
Bxd7 15. c5 dxc5 16. Rd1 Bg4 17. Rd5 c4 18. Ra5 Nf3+ 19. Kh1 Ne1 20. Bd5 Bxc3
21. Rxa7 Bf6 22. Bd2 Nd3 23. Bxc4 Nxf2+ 24. Kg2 Ne4  0-1

[Event "Open Letní Praha 2018 - A"]
[Site "Praha"]
[Date "2018.08.04"]
[Round "2"]
[Board "26"]
[White "Rubes, Jan"]
[Black "Machala, Vladislav"]
[Result "1-0"]
[WhiteElo "2306"]
[BlackElo "2020"]
[PlyCount "87"]
[EventDate "2018.08.03"]
[EventRounds "9"]
[EventCountry "CZE"]

1. d4 Nf6 2. Nf3 d5 3. c4 c6 4. Nc3 Nbd7 5. g3 g6 6. cxd5 Nxd5 7. Bg2 Nxc3 8.
bxc3 Bg7 9. O-O O-O 10. Ba3 Re8 11. e3 c5 12. Qb3 Qa5 13. Nd2 Rb8 14. Rab1 Qc7
15. Qa4 b6 16. dxc5 bxc5 17. Rxb8 Qxb8 18. Bxc5 Ba6 19. Qxd7 Rd8 20. Qa4 Bxf1
21. Nxf1 Bxc3 22. Qxa7 Qxa7 23. Bxa7 Rd7 24. Bb6 e6 25. a4 Rd1 26. Bf3 Rb1 27.
Bd4 Be1 28. Bc6 Rc1 29. Bb5 f5 30. e4 fxe4 31. Be3 Rc2 32. g4 Kf7 33. Ng3 Kf6
34. Nxe4+ Ke5 35. Ng5 Bb4 36. Kg2 Bc5 37. Nf3+ Kd5 38. Bxc5 Kxc5 39. Ng5 e5 40.
Bd3 Ra2 41. Nxh7 Rxa4 42. f3 Kd6 43. Bxg6 Ke7 44. h4  1-0

[Event "Open Letní Praha 2018 - A"]
[Site "Praha"]
[Date "2018.08.04"]
[Round "2"]
[Board "27"]
[White "Svanda, Ondrej"]
[Black "Shehzad, Shazil"]
[Result "1-0"]
[WhiteElo "2241"]
[BlackElo "1972"]
[PlyCount "45"]
[EventDate "2018.08.03"]
[EventRounds "9"]
[EventCountry "CZE"]

1. d4 d5 2. c4 c6 3. Nf3 Nf6 4. e3 e6 5. Nbd2 Nbd7 6. Bd3 Bd6 7. O-O O-O 8. e4
dxe4 9. Nxe4 Nxe4 10. Bxe4 h6 11. b3 c5 12. Bb2 Qc7 13. h3 cxd4 14. Nxd4 a6 15.
Qe2 Nc5 16. Bc2 f5 17. b4 Ne4 18. c5 Bh2+ 19. Kh1 e5 20. Nxf5 Bxf5 21. Kxh2 Ng5
22. Bb3+ Kh8 23. Qxe5  1-0

[Event "Open Letní Praha 2018 - A"]
[Site "Praha"]
[Date "2018.08.04"]
[Round "2"]
[Board "29"]
[White "Babicka, Michal"]
[Black "Kizatbay, Abyl"]
[Result "1/2-1/2"]
[WhiteElo "2009"]
[BlackElo "2205"]
[PlyCount "124"]
[EventDate "2018.08.03"]
[EventRounds "9"]
[EventCountry "CZE"]

1. e4 c5 2. Nf3 d6 3. d4 cxd4 4. Nxd4 Nf6 5. Nc3 a6 6. Bg5 Nbd7 7. Qe2 h6 8.
Bh4 g6 9. O-O-O e5 10. Nb3 Qc7 11. f3 b5 12. Kb1 Be7 13. a3 Nb6 14. Qd2 g5 15.
Bf2 Nc4 16. Qd3 Bd7 17. Be2 Rc8 18. Nd5 Nxd5 19. exd5 f5 20. g4 Bf6 21. c3 Ke7
22. h4 Rcf8 23. Bg3 Rfg8 24. hxg5 hxg5 25. Nd2 e4 26. fxe4 f4 27. Bf2 Ne5 28.
Qc2 Nxg4 29. Bxg4 Bxg4 30. Rdg1 Bd7 31. Nb3 g4 32. Bd4 Be5 33. Qd1 Qc4 34. Na5
Qc7 35. Nb3 g3 36. Rxh8 Rxh8 37. Rh1 Bg4 38. Qxg4 Rxh1+ 39. Ka2 Qd7 40. Qg5+
Kf7 41. Bxe5 dxe5 42. Qxe5 g2 43. Qxf4+ Kg8 44. Nc5 Qg7 45. Ne6 g1=Q 46. Nxg7
Qxg7 47. Qf5 Rh6 48. e5 Qg6 49. Qc8+ Kg7 50. e6 Rh1 51. Qc7+ Kf6 52. Qd8+ Kg7
53. Qc7+ Kh6 54. Qf4+ Qg5 55. Qf8+ Kg6 56. Qf7+ Kh6 57. e7 Re1 58. Qf8+ Kh7 59.
Qf7+ Kh6 60. e8=Q Rxe8 61. Qxe8 Qxd5+ 62. Kb1 Qd1+  1/2-1/2

[Event "Open Letní Praha 2018 - A"]
[Site "Praha"]
[Date "2018.08.04"]
[Round "2"]
[Board "30"]
[White "Dhyana, Patel"]
[Black "Husek, Martin"]
[Result "0-1"]
[WhiteElo "1855"]
[BlackElo "2174"]
[PlyCount "92"]
[EventDate "2018.08.03"]
[EventRounds "9"]
[EventCountry "CZE"]

1. e4 c5 2. Nf3 g6 3. d4 cxd4 4. Qxd4 Nf6 5. Nc3 Nc6 6. Qa4 d6 7. e5 dxe5 8.
Nxe5 Bd7 9. Nxd7 Nxd7 10. Bb5 Bg7 11. Be3 O-O 12. Rd1 Qc8 13. Nd5 Nb6 14. Bxb6
axb6 15. Qe4 e6 16. Nxb6 Qc7 17. Nxa8 Qa5+ 18. c3 Qxb5 19. Nc7 Qb6 20. Rd7 Ne5
21. Qa4 Rc8 22. Ne8 Nxd7 23. Qxd7 Bxc3+ 24. bxc3 Rd8 25. Nf6+ Kg7 26. Qxd8 Qxd8
27. Ne4 Qd3 28. Nd2 Qxc3 29. Rf1 Qe5+ 30. Kd1 Qxh2 31. g3 Qh5+ 32. Kc2 Qd5 33.
a4 Qa2+ 34. Kd3 Qa3+ 35. Ke2 Qxa4 36. Rb1 Qg4+ 37. f3 Qxg3 38. Rxb7 Qg2+ 39.
Ke3 Qg5+ 40. Ke2 h5 41. Ne4 Qg2+ 42. Ke3 Qg1+ 43. Ke2 h4 44. f4 h3 45. Rd7 Qg2+
46. Ke3 h2  0-1

[Event "Open Letní Praha 2018 - A"]
[Site "Praha"]
[Date "2018.08.04"]
[Round "2"]
[Board "33"]
[White "Novacek, Josef"]
[Black "Polavaram, Harsha"]
[Result "1/2-1/2"]
[WhiteElo "2159"]
[BlackElo "1512"]
[PlyCount "84"]
[EventDate "2018.08.03"]
[EventRounds "9"]
[EventCountry "CZE"]

1. d4 d5 2. Bf4 Nf6 3. e3 c5 4. c3 Nc6 5. Nd2 Bf5 6. Qb3 Qd7 7. Ngf3 c4 8. Qd1
e6 9. Be2 Be7 10. O-O O-O 11. Ne5 Nxe5 12. dxe5 Ne4 13. Nxe4 Bxe4 14. Bxc4 Qc6
15. Bd3 Rfd8 16. Rc1 Rac8 17. h3 b5 18. Qe2 Bxd3 19. Qxd3 Qc4 20. Qxc4 Rxc4 21.
Rfd1 Rdc8 22. Rd4 b4 23. Rxc4 Rxc4 24. Kf1 bxc3 25. Rxc3 Rxc3 26. bxc3 Kf8 27.
Ke2 Ke8 28. Kd3 Kd7 29. e4 Kc6 30. Be3 a6 31. exd5+ Kxd5 32. f4 g6 33. c4+ Kc6
34. g4 Ba3 35. Ke4 Bf8 36. Bc1 Bb4 37. Be3 Bf8 38. f5 Be7 39. Bf2 Bf8 40. fxg6
fxg6 41. Bd4 Be7 42. Kf4 Bh4  1/2-1/2

[Event "Open Letní Praha 2018 - A"]
[Site "Praha"]
[Date "2018.08.05"]
[Round "3"]
[Board "1"]
[White "Turner, Matthew"]
[Black "Becker, Matthias"]
[Result "1-0"]
[WhiteElo "2533"]
[BlackElo "2254"]
[PlyCount "59"]
[EventDate "2018.08.03"]
[EventRounds "9"]
[EventCountry "CZE"]

1. d4 d6 2. Nf3 g6 3. c4 Bg7 4. Nc3 e5 5. g3 exd4 6. Nxd4 Nc6 7. Nxc6 bxc6 8.
Bg2 Ne7 9. Bg5 O-O 10. Qd2 Bd7 11. Rd1 f6 12. Bh6 Bxh6 13. Qxh6 Nf5 14. Qd2 Qe7
15. c5 Rad8 16. cxd6 cxd6 17. O-O Be8 18. Qf4 Kg7 19. Rd2 Nh6 20. Rfd1 Nf7 21.
Qb4 Qc7 22. Ne4 Rb8 23. Qa3 d5 24. Nxf6 Nd6 25. Nxe8+ Rbxe8 26. Qc3+ Kh6 27.
Rxd5 Rxe2 28. Qc1+ Kg7 29. Rxd6 Rfxf2 30. Rd7+  1-0

[Event "Open Letní Praha 2018 - A"]
[Site "Praha"]
[Date "2018.08.05"]
[Round "3"]
[Board "2"]
[White "Olson, Hamish"]
[Black "Plischki, Sebastian"]
[Result "1/2-1/2"]
[WhiteElo "2241"]
[BlackElo "2407"]
[PlyCount "99"]
[EventDate "2018.08.03"]
[EventRounds "9"]
[EventCountry "CZE"]

1. d4 Nf6 2. Nf3 d6 3. Nbd2 Bg4 4. e4 e6 5. c3 Nbd7 6. Bd3 Be7 7. O-O O-O 8.
Qe2 c5 9. h3 Bh5 10. dxc5 Nxc5 11. Bc2 Bg6 12. Nd4 d5 13. exd5 Qxd5 14. Bxg6
hxg6 15. N2b3 Rac8 16. Nxc5 Qxc5 17. Nb3 Qc7 18. Bg5 Nd5 19. Bxe7 Qxe7 20. Qe5
Qf6 21. Qxf6 gxf6 22. h4 Kg7 23. Rad1 f5 24. Rd4 Rc7 25. Nc1 Rfc8 26. Rfd1 Kf6
27. Ne2 Rc4 28. g3 b5 29. Rxc4 Rxc4 30. Rd2 f4 31. Kg2 fxg3 32. fxg3 a6 33. Kf3
Ke7 34. Rd4 Rc5 35. Nf4 Nxf4 36. gxf4 f5 37. a4 bxa4 38. Rxa4 a5 39. Rd4 Rb5
40. b4 axb4 41. cxb4 Rb8 42. Kg3 Rb6 43. Kf3 Kf6 44. Rc4 e5 45. fxe5+ Kxe5 46.
Ke3 Kd5 47. Rc5+ Kd6 48. Rc4 Kd5 49. Rc5+ Kd6 50. Rc4  1/2-1/2

[Event "Open Letní Praha 2018 - A"]
[Site "Praha"]
[Date "2018.08.05"]
[Round "3"]
[Board "3"]
[White "Yagupov, Igor"]
[Black "Phadke, Sohan"]
[Result "0-1"]
[WhiteElo "2405"]
[BlackElo "2245"]
[PlyCount "134"]
[EventDate "2018.08.03"]
[EventRounds "9"]
[EventCountry "CZE"]

1. e4 c5 2. Nf3 Nc6 3. Bb5 e6 4. O-O a6 5. Bxc6 bxc6 6. d3 d5 7. Qe2 Ne7 8. c4
Ng6 9. Nc3 Be7 10. b3 O-O 11. Na4 e5 12. cxd5 cxd5 13. exd5 Bb7 14. Be3 Bxd5
15. Nxc5 Bxc5 16. Bxc5 Nf4 17. Qe3 Re8 18. Rfd1 Rc8 19. b4 Rc6 20. Ne1 Bxg2 21.
Nxg2 Rg6 22. Kh1 Rxg2 23. h3 Qa8 24. Qe4 Qc8 25. Qf3 Re6 26. Be3 Rh6 27. Bxf4
Rxh3+ 28. Kxg2 Rxf3 29. Kxf3 Qf5 30. Ke2 Qxf4 31. Rdb1 e4 32. dxe4 Qxe4+ 33.
Kd2 Qd4+ 34. Ke2 Qc4+ 35. Kd2 Qd5+ 36. Ke1 Qe6+ 37. Kf1 Qc4+ 38. Kg1 h5 39. a4
h4 40. b5 Qg4+ 41. Kh2 Qf3 42. bxa6 Qxf2+ 43. Kh1 Qf3+ 44. Kh2 Qe2+ 45. Kh3 g5
46. Rg1 Qf3+ 47. Kh2 f6 48. Rg2 Qf4+ 49. Kh1 Qe4 50. Ra3 Qa8 51. Kh2 Qxa6 52.
Rf3 Kg7 53. Rgf2 Qxa4 54. Rxf6 Qd4 55. Rf7+ Kg6 56. Rf8 g4 57. R2f4 Qd2+ 58.
Kg1 Qd1+ 59. Kf2 Qc2+ 60. Ke3 Qc3+ 61. Ke4 Qe1+ 62. Kd5 Qd1+ 63. Ke5 Qe2+ 64.
Kd5 h3 65. Rg8+ Kh5 66. Rh8+ Kg5 67. Rff8 h2  0-1

[Event "Open Letní Praha 2018 - A"]
[Site "Praha"]
[Date "2018.08.05"]
[Round "3"]
[Board "4"]
[White "Toman, Ondrej"]
[Black "Pulpan, Jakub"]
[Result "0-1"]
[WhiteElo "2231"]
[BlackElo "2400"]
[PlyCount "108"]
[EventDate "2018.08.03"]
[EventRounds "9"]
[EventCountry "CZE"]

1. d4 Nf6 2. Bf4 d5 3. e3 c5 4. c3 Nc6 5. Nf3 e6 6. Bd3 Qb6 7. Qc1 Be7 8. h3
O-O 9. O-O Bd7 10. Nbd2 Rfc8 11. Qb1 h6 12. Ne5 Be8 13. Bh2 Nxe5 14. dxe5 Nd7
15. e4 c4 16. Be2 Nc5 17. exd5 exd5 18. b4 cxb3 19. axb3 Ne6 20. c4 Bb4 21. Nf3
dxc4 22. Bxc4 Bb5 23. Rc1 Bxc4 24. Rxc4 Rxc4 25. bxc4 a5 26. Ne1 Rc8 27. Nc2
Rxc4 28. Ne3 Rc8 29. Bg3 Qd4 30. Kh2 h5 31. Nf5 Qc4 32. h4 Qc2 33. Nd6 Qxb1 34.
Rxb1 Rc7 35. f4 Rd7 36. f5 Nd4 37. Rf1 Bxd6 38. exd6 Ne2 39. Be5 f6 40. Re1
fxe5 41. Rxe2 Rxd6 42. Rxe5 Ra6 43. f6 gxf6 44. Rc5 a4 45. Rc8+ Kg7 46. Rc7+
Kg6 47. Rxb7 a3 48. Rb1 a2 49. Ra1 Kf5 50. Kh3 Ra3+ 51. g3 Ke4 52. Kg2 Kd3 53.
g4 hxg4 54. h5 Kc2  0-1

[Event "Open Letní Praha 2018 - A"]
[Site "Praha"]
[Date "2018.08.05"]
[Round "3"]
[Board "5"]
[White "Olsarova, Karolina"]
[Black "Hrdina, Robin"]
[Result "0-1"]
[WhiteElo "2331"]
[BlackElo "2219"]
[PlyCount "110"]
[EventDate "2018.08.03"]
[EventRounds "9"]
[EventCountry "CZE"]

1. e4 c5 2. Nf3 e6 3. b3 a6 4. Bb2 Nc6 5. c4 Nf6 6. e5 Ng4 7. h3 Nh6 8. Nc3 d6
9. exd6 f6 10. Ne4 Bxd6 11. d4 cxd4 12. Nxd6+ Qxd6 13. Nxd4 O-O 14. Nxc6 Qxc6
15. Qc2 e5 16. Bd3 e4 17. Be2 Bf5 18. O-O Rad8 19. Rad1 Bg6 20. Qc1 Rfe8 21. h4
Bf7 22. Qf4 Qe6 23. Rfe1 Qf5 24. Qg3 Rxd1 25. Rxd1 e3 26. fxe3 Qc2 27. Bxf6 Bg6
28. Rd7 gxf6 29. Bf3 Nf5 30. Qg4 Nxe3 31. Qf4 Qb1+ 32. Kh2 Nf1+ 33. Kg1 Nd2+
34. Kh2 Nxf3+ 35. Qxf3 Qf5 36. Qxf5 Bxf5 37. Rxb7 Re2 38. Rb6 Rxa2 39. Rxf6 Be4
40. Rf4 Bb7 41. Rg4+ Kf7 42. c5 a5 43. h5 h6 44. Rg6 Rc2 45. Rxh6 Bxg2 46. Rh7+
Kg8 47. Rc7 Bd5+ 48. Kg3 Bxb3 49. c6 a4 50. Rc8+ Kh7 51. c7 a3 52. Ra8 a2 53.
Ra7 Kh6 54. Kh4 Rc4+ 55. Kg3 Rxc7  0-1

[Event "Open Letní Praha 2018 - A"]
[Site "Praha"]
[Date "2018.08.05"]
[Round "3"]
[Board "6"]
[White "Ciolek, Andreas"]
[Black "Hess, Max"]
[Result "1-0"]
[WhiteElo "2216"]
[BlackElo "2331"]
[PlyCount "93"]
[EventDate "2018.08.03"]
[EventRounds "9"]
[EventCountry "CZE"]

1. e4 c5 2. Nf3 Nc6 3. d4 cxd4 4. Nxd4 Nf6 5. Nc3 e5 6. Ndb5 d6 7. Bg5 a6 8.
Na3 b5 9. Nd5 Be7 10. Bxf6 Bxf6 11. c3 Bg5 12. Nc2 O-O 13. a4 bxa4 14. Rxa4 a5
15. Bc4 Rb8 16. b3 Kh8 17. h4 Bh6 18. g4 Bf4 19. Nce3 Bxe3 20. Nxe3 Be6 21. Nf5
Qb6 22. O-O g6 23. Nxd6 Rbd8 24. Bxe6 fxe6 25. Nc4 Qb7 26. Qc2 Rf3 27. Qe2 Rdf8
28. Ne3 Qxb3 29. Qc4 Qb6 30. Kg2 Qd8 31. g5 R3f4 32. Kg3 Rf3+ 33. Kg2 R3f4 34.
Kg3 Qe8 35. f3 Qf7 36. Qe2 Qc7 37. Rc4 Qb6 38. Ng2 R4f7 39. Qe3 Qa6 40. Qc5 Rc8
41. Rb1 Rxf3+ 42. Kxf3 Nd4+ 43. cxd4 Rxc5 44. Rb8+ Kg7 45. Rxc5 Qa7 46. Rbc8
Qf7+ 47. Kg3  1-0

[Event "Open Letní Praha 2018 - A"]
[Site "Praha"]
[Date "2018.08.05"]
[Round "3"]
[Board "7"]
[White "Kulhanek, Tomas"]
[Black "Sprenar, Petr"]
[Result "1/2-1/2"]
[WhiteElo "2314"]
[BlackElo "2210"]
[PlyCount "37"]
[EventDate "2018.08.03"]
[EventRounds "9"]
[EventCountry "CZE"]

1. e4 e6 2. d4 d5 3. Nd2 c5 4. exd5 Qxd5 5. Ngf3 cxd4 6. Bc4 Qd7 7. O-O Nc6 8.
Nb3 Nf6 9. Nbxd4 Nxd4 10. Qxd4 Qxd4 11. Nxd4 Bd7 12. Bf4 Rc8 13. Bb3 Bc5 14.
Rad1 O-O 15. Rfe1 Rfd8 16. c3 b5 17. a3 h6 18. h3 a5 19. Be5  1/2-1/2

[Event "Open Letní Praha 2018 - A"]
[Site "Praha"]
[Date "2018.08.05"]
[Round "3"]
[Board "9"]
[White "Gan-Erdene, Sugar"]
[Black "Skalsky, Alexandr"]
[Result "1/2-1/2"]
[WhiteElo "2309"]
[BlackElo "2177"]
[PlyCount "75"]
[EventDate "2018.08.03"]
[EventRounds "9"]
[EventCountry "CZE"]

1. e4 c5 2. Nf3 g6 3. d4 cxd4 4. Nxd4 Nc6 5. c4 Bg7 6. Be3 Nf6 7. Nc3 O-O 8.
Be2 d6 9. O-O Bd7 10. Rc1 Nxd4 11. Bxd4 Bc6 12. f3 Nd7 13. Bxg7 Kxg7 14. Qd4+
Kg8 15. b4 Qb6 16. Qxb6 Nxb6 17. c5 dxc5 18. bxc5 Nd7 19. Nd5 Rae8 20. Rfd1 e6
21. Nb4 Nb8 22. Nxc6 Nxc6 23. Bb5 Rc8 24. Rd7 Na5 25. c6 Nxc6 26. Rxb7 Nd4 27.
Rxc8 Rxc8 28. Bf1 a5 29. Rd7 Nc2 30. Ba6 Rc6 31. Bb5 Rb6 32. Ba4 Nb4 33. a3 Nc6
34. Rc7 Ne5 35. Ra7 Rb1+ 36. Kf2 Ra1 37. Rxa5 Rxa3 38. Rxe5  1/2-1/2

[Event "Open Letní Praha 2018 - A"]
[Site "Praha"]
[Date "2018.08.05"]
[Round "3"]
[Board "10"]
[White "Mirzoeva, Elmira"]
[Black "Koubova, Anna Marie"]
[Result "1-0"]
[WhiteElo "2290"]
[BlackElo "2086"]
[PlyCount "105"]
[EventDate "2018.08.03"]
[EventRounds "9"]
[EventCountry "CZE"]

1. Nf3 c5 2. b3 d5 3. e3 a6 4. Bb2 Nc6 5. d4 Bg4 6. dxc5 e5 7. Be2 Bxf3 8. Bxf3
Nf6 9. O-O Bxc5 10. c4 e4 11. cxd5 Nb4 12. Be2 Nbxd5 13. a3 O-O 14. b4 Bd6 15.
Nd2 b5 16. Nb3 Rc8 17. Qd2 Qc7 18. g3 Qc2 19. Bd1 Qxd2 20. Nxd2 Nc3 21. Bb3 Be5
22. Kg2 Rfd8 23. Nb1 Nxb1 24. Rfxb1 Bxb2 25. Rxb2 Rc3 26. a4 g6 27. axb5 axb5
28. Ra5 Rcd3 29. Rxb5 Rd2 30. Rxd2 Rxd2 31. Rb7 Ng4 32. Rxf7 Nxe3+ 33. Kh3 Rb2
34. Be6 Nf1 35. Bc4 Nd2 36. Be6 Kh8 37. Rb7 Nf3 38. Kg4 h5+ 39. Kf4 Rxf2 40.
Kxe4 Ng5+ 41. Ke3 Rxh2 42. Bd5 Rh3 43. Kf4 Nh7 44. b5 h4 45. gxh4 Rxh4+ 46. Ke5
Rh5+ 47. Kd6 Nf6 48. Bc6 g5 49. b6 Rh6 50. Kc5 g4 51. Rb8+ Kg7 52. b7 g3 53.
Rd8  1-0

[Event "Open Letní Praha 2018 - A"]
[Site "Praha"]
[Date "2018.08.05"]
[Round "3"]
[Board "11"]
[White "Svanda, Ondrej"]
[Black "Gasanov, Eldar"]
[Result "1/2-1/2"]
[WhiteElo "2241"]
[BlackElo "2481"]
[PlyCount "127"]
[EventDate "2018.08.03"]
[EventRounds "9"]
[EventCountry "CZE"]

1. e4 c6 2. d4 d5 3. Nc3 dxe4 4. Nxe4 Nf6 5. Nxf6+ exf6 6. c3 Bd6 7. Bd3 O-O 8.
Qc2 Re8+ 9. Ne2 h5 10. Be3 Na6 11. Bxa6 bxa6 12. O-O Qc7 13. h3 f5 14. Qd2 Re4
15. f3 Re6 16. Bf4 Rxe2 17. Bxd6 Rxd2 18. Bxc7 Rxb2 19. Rfb1 Rc2 20. Rc1 Rd2
21. Rd1 Rxd1+ 22. Rxd1 Be6 23. a3 Rc8 24. Bf4 Rd8 25. Rb1 Rd7 26. Rb8+ Kh7 27.
Rc8 Rxd4 28. cxd4 Bxc8 29. Bb8 h4 30. Kf2 g5 31. Bxa7 Kg6 32. Bb8 g4 33. fxg4
fxg4 34. hxg4 Kg5 35. Bc7 Kxg4 36. Bd6 Be6 37. Bc7 Bd5 38. Bd6 f5 39. Bc7 f4
40. Bd8 Be4 41. Be7 Bc2 42. Bd8 Bb3 43. Be7 a5 44. Bd8 a4 45. Be7 Bd5 46. Bd8
Bf7 47. Be7 Bg6 48. Bf6 Kf5 49. Bxh4 Ke4 50. Bf6 Bh5 51. Bg7 Kd3 52. Bf6 Kc4
53. Bg7 Kd5 54. Bf6 Ke4 55. Bg7 Bf7 56. Bf6 Bd5 57. Bg7 Kd3 58. Bf6 Kc3 59. Bg7
Kc4 60. Bf6 Kd3 61. Bg7 Ke4 62. Bf6 Kf5 63. Be7 Ke4 64. Bf6  1/2-1/2

[Event "Open Letní Praha 2018 - A"]
[Site "Praha"]
[Date "2018.08.05"]
[Round "3"]
[Board "12"]
[White "Jurcik, Marian"]
[Black "Yakimenko, Alexander A."]
[Result "1/2-1/2"]
[WhiteElo "2455"]
[BlackElo "2069"]
[PlyCount "89"]
[EventDate "2018.08.03"]
[EventRounds "9"]
[EventCountry "CZE"]

1. e4 e6 2. d4 d5 3. Nd2 Nc6 4. Ngf3 Nf6 5. e5 Nd7 6. Nb3 a5 7. a4 b6 8. c3 Be7
9. h4 Bb7 10. Bd3 Qc8 11. Ng5 Bxg5 12. Bxg5 Ba6 13. Bc2 h6 14. Be3 Ne7 15. Qg4
g6 16. h5 g5 17. f4 f5 18. exf6 Nxf6 19. Qh3 g4 20. Qh4 O-O 21. O-O-O Nf5 22.
Qe1 Qd7 23. Nd2 Rac8 24. Bf2 Qd6 25. Kb1 Rce8 26. g3 Bb7 27. Qe2 Bc6 28. Rde1
Kh8 29. Qd1 Bd7 30. Re5 Re7 31. Qe2 Rg7 32. Qd3 c5 33. Ree1 c4 34. Qe2 Re8 35.
Qe5 Qxe5 36. dxe5 Ng8 37. Bxf5 exf5 38. e6 Rxe6 39. Bd4 Kh7 40. Bxg7 Kxg7 41.
b3 cxb3 42. Rxe6 Bxe6 43. Re1 Kf7 44. Nxb3 Nf6 45. Nd4  1/2-1/2

[Event "Open Letní Praha 2018 - A"]
[Site "Praha"]
[Date "2018.08.05"]
[Round "3"]
[Board "13"]
[White "Husek, Martin"]
[Black "Neuman, Petr"]
[Result "1/2-1/2"]
[WhiteElo "2174"]
[BlackElo "2446"]
[PlyCount "63"]
[EventDate "2018.08.03"]
[EventRounds "9"]
[EventCountry "CZE"]

1. e4 c6 2. d4 d5 3. e5 Bf5 4. Nf3 e6 5. Be2 Ne7 6. O-O c5 7. c4 Nbc6 8. dxc5
d4 9. Qa4 Ng6 10. Rd1 Bxc5 11. b4 Bxb4 12. Nxd4 Qa5 13. Qxa5 Nxa5 14. g4 Be4
15. Bd2 Bxd2 16. Nxd2 Bc6 17. N2b3 Nxb3 18. axb3 Nxe5 19. f4 Ng6 20. Nxc6 bxc6
21. Bf3 O-O 22. Bxc6 Rab8 23. Bb5 Nxf4 24. Rd2 h5 25. gxh5 Rfd8 26. Rxd8+ Rxd8
27. Rxa7 Rd3 28. Be8 Rxb3 29. Bxf7+ Kh7 30. Re7 Rc3 31. Bxe6 Nxe6 32. Rxe6
 1/2-1/2

[Event "Open Letní Praha 2018 - A"]
[Site "Praha"]
[Date "2018.08.05"]
[Round "3"]
[Board "14"]
[White "Zemlickova, Olena"]
[Black "Rubes, Jan"]
[Result "1/2-1/2"]
[WhiteElo "2099"]
[BlackElo "2306"]
[PlyCount "83"]
[EventDate "2018.08.03"]
[EventRounds "9"]
[EventCountry "CZE"]

1. d4 d5 2. Nf3 Nf6 3. e3 c5 4. b3 cxd4 5. exd4 Nc6 6. Bb2 Bg4 7. Be2 e6 8. O-O
Bd6 9. Ne5 Bf5 10. f4 Rc8 11. Nxc6 bxc6 12. Ba6 Rb8 13. Bd3 O-O 14. Ba3 Bxa3
15. Nxa3 Bxd3 16. Qxd3 Qa5 17. Nb1 c5 18. Qc3 Qxc3 19. Nxc3 Rfc8 20. Ne2 c4 21.
Rfc1 Ne4 22. Kf1 g6 23. Ke1 a5 24. Kd1 Rc7 25. Rab1 Rcb7 26. Ra1 Nd6 27. Kd2 a4
28. bxa4 Ne4+ 29. Kd1 Ra7 30. Rcb1 Rxb1+ 31. Rxb1 Rxa4 32. Ra1 c3 33. a3 Kf8
34. Kc1 Ke7 35. Kb1 Kd6 36. Ka2 g5 37. g3 gxf4 38. gxf4 Ra8 39. Rg1 h5 40. Rb1
Rg8 41. Rg1 Rb8 42. Rb1  1/2-1/2

[Event "Open Letní Praha 2018 - A"]
[Site "Praha"]
[Date "2018.08.05"]
[Round "3"]
[Board "15"]
[White "Zlatin, Alexander"]
[Black "Marczuk, Dominik"]
[Result "1/2-1/2"]
[WhiteElo "2193"]
[BlackElo "2290"]
[PlyCount "151"]
[EventDate "2018.08.03"]
[EventRounds "9"]
[EventCountry "CZE"]

1. e4 g6 2. d4 Bg7 3. Be3 d6 4. Qd2 a6 5. f3 Nd7 6. a4 c5 7. c3 Rb8 8. Na3 Ngf6
9. g4 O-O 10. h4 h5 11. g5 Ne8 12. dxc5 Qc7 13. cxd6 Nxd6 14. Ba7 Ra8 15. Bd4
Nc5 16. Bxg7 Kxg7 17. Qc2 Be6 18. c4 Qa5+ 19. Kf2 Nxa4 20. b3 Qe5 21. Rc1 Nc5
22. Kg2 a5 23. Qc3 Qxc3 24. Rxc3 Rfc8 25. Nh3 b5 26. cxb5 Nxb3 27. Rxc8 Rxc8
28. Nf4 Nd4 29. e5 N6f5 30. b6 Rb8 31. Nxe6+ Nxe6 32. Nc4 Nf4+ 33. Kf2 Nd5 34.
Bd3 Nxb6 35. Nxa5 Nd5 36. Nc4 Ra8 37. Bxf5 gxf5 38. Rd1 e6 39. Rb1 Ra2+ 40. Rb2
Ra4 41. Nd6 Rxh4 42. Rb7 Ra4 43. Nxf7 Ra2+ 44. Kg3 f4+ 45. Kh3 Kg6 46. Nh8+
Kxg5 47. Rg7+ Kh6 48. Rg8 Kh7 49. Re8 Kg7 50. Kh4 Rh2+ 51. Kg5 Rg2+ 52. Kxh5
Rg3 53. Rxe6 Kxh8 54. Kh6 Kg8 55. Rd6 Ne3 56. Rg6+ Kf7 57. Rf6+ Ke7 58. Rxf4
Ke6 59. Kh7 Nf5 60. Ra4 Rxf3 61. Ra6+ Kxe5 62. Kg8 Nd6 63. Ra1 Kf6 64. Rg1 Ne4
65. Kf8 Nc5 66. Ke8 Rd3 67. Rf1+ Ke5 68. Re1+ Ne4 69. Ke7 Ra3 70. Kd7 Ra6 71.
Kc7 Kd5 72. Rd1+ Ke6 73. Re1 Ra4 74. Kc6 Rc4+ 75. Kb5 Rd4 76. Kc6  1/2-1/2

[Event "Open Letní Praha 2018 - A"]
[Site "Praha"]
[Date "2018.08.05"]
[Round "3"]
[Board "16"]
[White "Jedlicka, Ales"]
[Black "Soural, Jan"]
[Result "1-0"]
[WhiteElo "2253"]
[BlackElo "2213"]
[PlyCount "121"]
[EventDate "2018.08.03"]
[EventRounds "9"]
[EventCountry "CZE"]

1. d4 Nf6 2. c4 g6 3. Nc3 Bg7 4. e4 d6 5. h3 O-O 6. Be3 c5 7. d5 e6 8. Bd3 exd5
9. exd5 Re8 10. Nf3 b5 11. cxb5 Bb7 12. O-O Nbd7 13. Bc4 a6 14. a4 Nb6 15. Qd3
axb5 16. Bxb5 Nbxd5 17. Bxe8 Qxe8 18. Bg5 Nxc3 19. bxc3 Ne4 20. Ra3 Rxa4 21.
Rxa4 Qxa4 22. Rb1 Qc6 23. Qb5 Nxg5 24. Qxc6 Nxf3+ 25. Qxf3 Bxf3 26. Rb8+ Bf8
27. gxf3 Kg7 28. Kf1 Be7 29. Ke2 d5 30. Rb7 Bf6 31. Kd3 c4+ 32. Kd2 d4 33. cxd4
Bxd4 34. Rc7 Bxf2 35. Rxc4 g5 36. Kd3 Kg6 37. Ke4 Bg3 38. Rc8 h5 39. Rg8+ Kf6
40. Rh8 h4 41. Rh6+ Kg7 42. Rc6 Bf4 43. Kf5 Be3 44. Rc2 Bf4 45. Rg2 f6 46. Rb2
Be5 47. Rb7+ Kh6 48. Rf7 Bc3 49. Rxf6+ Bxf6 50. Kxf6 Kh5 51. Kg7 g4 52. fxg4+
Kg5 53. Kf7 Kf4 54. Kf6 Kg3 55. g5 Kxh3 56. g6 Kg2 57. g7 h3 58. g8=Q+ Kh1 59.
Qd5+ Kg1 60. Qd4+ Kg2 61. Qg4+  1-0